[Event "HUN-ch Rapid"]
[Site "Ajka"]
[Date "2022.07.16"]
[Round "6"]
[White "Hera, Imre Jr"]
[Black "Horvath, Adam"]
[Result "1/2-1/2"]
[WhiteElo "2568"]
[BlackElo "2520"]
[PlyCount "81"]
[EventDate "2022.07.15"]
[EventType "swiss (rapid)"]
[EventRounds "13"]
[EventCountry "HUN"]
[SourceTitle "CBM 209 Extra"]
[Source "ChessBase"]
[SourceDate "2022.09.30"]
[SourceVersion "1"]
[SourceVersionDate "2022.09.30"]
[SourceQuality "1"]

1. d4 Nf6 2. Nf3 e6 3. Bf4 d5 4. e3 c5 5. Nbd2 Nc6 6. c3 cxd4 7. exd4 Nh5 8. Bg5 f6 9. Be3 g6 10. Bb5 Bd6 11. 0-0 0-0 12. Re1 Bd7 13. Bf1 Ng7 14. Nb3 Nf5 15. g3 b6 16. Bd2 Nce7 17. Nc1 g5 18. Nd3 Ng6 19. Be3 Rc8 20. Nd2 Kg7 21. Rc1 e5 22. Qb3 e4 23. Nb4 Nxe3 24. fxe3 Bxb4 25. Qxb4 Be6 26. c4 Ne7 27. cxd5 Bxd5 28. Rxc8 Nxc8 29. Rc1 Nd6 30. b3 Rf7 31. Nb1 Rc7 32. Rxc7+ Qxc7 33. Nc3 Bf7 34. Nb5 Nxb5 35. Qxb5 Qc1 36. Kf2 Qd1 37. Qe2 Qc1 38. Qa6 Qd1 39. Qe2 Qc1 40. Qa6 Qd1 41. Qe2 1/2-1/2

[Event "HUN-ch Rapid"]
[Site "Ajka"]
[Date "2022.07.16"]
[Round "5"]
[White "Korpa, Bence"]
[Black "Hera, Imre Jr"]
[Result "1/2-1/2"]
[WhiteElo "2537"]
[BlackElo "2568"]
[PlyCount "26"]
[EventDate "2022.07.15"]
[EventType "swiss (rapid)"]
[EventRounds "13"]
[EventCountry "HUN"]
[SourceTitle "CBM 209 Extra"]
[Source "ChessBase"]
[SourceDate "2022.09.30"]
[SourceVersion "1"]
[SourceVersionDate "2022.09.30"]
[SourceQuality "1"]

1. d4 Nf6 2. c4 e6 3. g3 d5 4. Bg2 Be7 5. Nf3 0-0 6. 0-0 dxc4 7. Qc2 a6 8. a4 Bd7 9. Qxc4 Bc6 10. Bf4 Nd5 11. Nc3 Nxf4 12. gxf4 a5 13. Rad1 Bd5 1/2-1/2

[Event "HUN-ch Rapid"]
[Site "Ajka"]
[Date "2022.07.15"]
[Round "3"]
[White "Vajda, Szidonia"]
[Black "Hera, Imre Jr"]
[Result "0-1"]
[WhiteElo "2313"]
[BlackElo "2568"]
[PlyCount "94"]
[EventDate "2022.07.15"]
[EventType "swiss (rapid)"]
[EventRounds "13"]
[EventCountry "HUN"]
[SourceTitle "CBM 209 Extra"]
[Source "ChessBase"]
[SourceDate "2022.09.30"]
[SourceVersion "1"]
[SourceVersionDate "2022.09.30"]
[SourceQuality "1"]

1. e4 c5 2. c3 Nf6 3. e5 Nd5 4. d4 cxd4 5. cxd4 g6 6. Nf3 Bg7 7. Bc4 Nb6 8. Bb3 0-0 9. 0-0 d6 10. h3 dxe5 11. dxe5 Qxd1 12. Rxd1 Nc6 13. Re1 Nb4 14. Nc3 Nd3 15. Re2 Nc5 16. Bc2 Be6 17. Be3 Rac8 18. Bxc5 Rxc5 19. Bb3 Bc4 20. Re4 Rfc8 21. Rd1 e6 22. Rdd4 a6 23. Rd6 R5c6 24. Rxc6 Rxc6 25. Nd4 Rc7 26. f4 Bxb3 27. axb3 Nd7 28. Re2 Nc5 29. Ne4 Nxe4 30. Rxe4 Bf8 31. Kh2 Rd7 32. Nf3 Rd3 33. Rc4 Rxb3 34. Nd2 Rb4 35. Rc7 b5 36. b3 Rxf4 37. Ra7 Rd4 38. Nf3 Rd3 39. Ng5 Rxb3 40. Ne4 Kg7 41. Nf6 Bc5 42. Ne8+ Kf8 43. Ra8 Bd4 44. Nf6+ Kg7 45. Rg8+ Kh6 46. Ng4+ Kg5 47. Rd8 Rd3 0-1

[Event "BL2-Sued 2122"]
[Site "Germany"]
[Date "2022.05.15"]
[Round "6.3"]
[White "Hera, Imre Jr"]
[Black "Hirneise, Jens"]
[Result "1/2-1/2"]
[WhiteElo "2576"]
[BlackElo "2314"]
[PlyCount "53"]
[EventDate "2022.03.05"]
[EventType "team-tourn"]
[EventRounds "10"]
[EventCountry "GER"]
[SourceTitle "EXT 2023"]
[Source "ChessBase"]
[SourceDate "2022.10.05"]
[SourceVersion "1"]
[SourceVersionDate "2022.10.05"]
[SourceQuality "1"]
[WhiteTeam "Speyer Schwegenheim"]
[BlackTeam "Boeblingen"]
[WhiteTeamCountry "GER"]
[BlackTeamCountry "GER"]

1. d4 Nf6 2. c4 g6 3. Nf3 Bg7 4. g3 0-0 5. Bg2 Nc6 6. 0-0 d6 7. Nc3 Bf5 8. d5 Na5 9. Nd2 c6 10. dxc6 Nxc6 11. Nb3 Rc8 12. Bf4 Nd7 13. Rc1 Nce5 14. Nd4 Rxc4 15. Nxf5 gxf5 16. Bh3 Ng6 17. Be3 f4 18. Bxa7 Qa5 19. Qb3 Nde5 20. Bb6 Qa6 21. Bg2 e6 22. Qb5 d5 23. Qxa6 bxa6 24. b3 Rc6 25. Na4 Rfc8 26. Rxc6 Rxc6 27. Bc5 1/2-1/2